00262nam a22001097a 4500020001800000082001500018100002100033245002700054260004500081300000800126650001800134 a9780812966183 a297.09 ARM aArmstrong, Karen aIslam: A Short History aNYbModern Library Chronicles Bookc2002 a230 aIslam History